00306 a2200133 4500003000400000005001700004008004100021040000900062082001500071100001800086245003600104260002400140300000800164OSt20240112155317.0240112b |||||||| |||| 00| 0 eng d coclc a297bPAN/V aPannur, E K M aVratham Islamil /cE K M Pannur aKerala:bKNM,c2013 a72p